Kraje produkujące najwięcej energii z wiatraków - Statystyki

Ogólne statystyki
  • Ten quiz został rozwiązany 286 razy
  • Średni wynik to 8 z 10
Statystyki odpowiedzi
TWh Kraj % Poprawnych
305 Chiny
91%
106 Niemcy
91%
257 Stany Zjednoczone
91%
24,7 Francja
86%
28,8 Kanada
85%
49,1 Hiszpania
82%
50 Wielka Brytania
78%
47,7 Indie
68%
42,3 Brazylia
65%
17,9 Turcja
35%
Nie znaleziono quizów pasujących do podanych kryteriów
Rozkład punktacji
Procent ludzi z każdym wynikiem
Percentyl według liczby udzielonych odpowiedzi
Twoja historia wyników
Nie rozwiązałeś tego quizu